Szczegóły MARC21

Wirtschaftsinformatik : Beiträge zur modernern Unternehmensführung : Festschrift zum 60. Geburstag von Franz Steffens /

005 -DATA I CZAS OSTATNIEJ MODYFIKACJI [,]
    • @
    • pole kontrolne
    • 20070315155141.9
020 -Międzynarod. znormalizowany nr książki - ISBN [ , ]
    • a
    • Numer ISBN
    • 3593348934 Find
040 -Instytucja sporządzająca opis [ , ]
    • a
    • Instytucja, która sporządziła opis (NP)
    • SZCZ U
    • c
    • Instytucja, która sporządziła rekord (NP)
    • SZCZ U
041 -Język dokumentu [0, ]
    • a
    • Język tekstu (P)
    • niemiecki
    • h
    • Język tekstu oryginalnego i/lub pośredniego (P)
    • niemiecki
942 -Rodzaj dokumentu [ , ]
    • c
    • Rodzaj dokumentu
    • Książka
245 -Strefa tytułu i oznaczenia odpowiedzialności [0, ]
    • a
    • Tytuł
    • Wirtschaftsinformatik : Find
    • b
    • Ciąg dalszy tytułu (NP)
    • Beiträge zur modernern Unternehmensführung : Festschrift zum 60. Geburstag von Franz Steffens / Find
    • c
    • Pozostałe elementy strefy tytułu i oznaczenia odpowiedzialności (NP)
    • Joachim Niedereichholz, Werner Schuhmann (Hg.).
260 -Strefa adresu wydawniczego [ , ]
    • a
    • Miejsce wydania (P)
    • Frankfurt ; New York :
    • b
    • Nazwa wydawcy (P)
    • "Campus",
    • c
    • Data wydania (P)
    • 1993.
300 -Strefa opisu fizycznego [ , ]
    • a
    • Określenie formy książki i/lub objętość (NP)
    • 256 s. :
    • b
    • Oznaczenie ilustracji (NP)
    • il. :
    • c
    • Format (NP)
    • 21 cm.
500 -Uwaga ogólna [ , ]
    • a
    • Uwaga ogólna (NP)
    • Bibliogr
080 -Uniwersalna Klasyfikacja Dziesiętna [ , ]
    • a
    • Symbol klasyfikacji
    • 519.86=30
080 -Uniwersalna Klasyfikacja Dziesiętna [ , ]
    • a
    • Symbol klasyfikacji
    • :681.3.06=30
980 -Symbol UKD [ , ]
    • a
    • UKD
    • 519.86:681.3.06]=30
700 -Hasło dodatkowe - nazwa osobowa [ , ]
    • a
    • Nazwa osobowa (NP)
    • Niedereichholz Joachim Find
700 -Hasło dodatkowe - nazwa osobowa [ , ]
    • a
    • Nazwa osobowa (NP)
    • Schuhmann Werner Find
920 -ISBN [ , ]
    • a
    • ISBN
    • 3-593-34893-4 Find
Data inwentaryzacji Lokalizacja Status udost. Sygnatura Numer inwentarzowy
1998-10-13BE-6FUNDACJA POLSKO-NIEMIECKAS.82687
1998-10-13BE2 S.82689
1998-12-10BE2FUNDACJA POLSKO-NIEMIECKAS.83162
1998-12-10BE2FUNDACJA POLSKO-NIEMIECKAS.83163
1998-10-13BE-2FUNDACJA POLSKO-NIEMIECKAE.65665
1998-10-13BE-2 S.82688
1998-12-10BE2 S.83161